01204nam a2200253 a 450000100100000000500170001000800410002704000250006804100130009308200150010624502350012126000290035630000210038549000130040650000380041970000410045771000610049883000190055904900090057895201130058795201190070095201140081999900170093300002410720251120073732.0110119s1986 dr 000 0 spa d aDO-SdBNPbspacBNPHU17aeng2spa axxxbM425f00aMaterials for the study of politics and government in the Dominican Republic 1930-1966 = Materiales para el estudio de la política y el gobierno en la República Dominicana 1930-1966 /crecopilados, comentados Howard J. Wiarda. aSantiago :bUCMM,c1986. a142 p. ;c20 cm.1 aEstudios aIncluye notas al pie de páginas1 aWiarda, Howard J.,erec.d1939954092 aPontificia Universidad Católica Madre y Maestra 9843 0aEstudios93854 aBNPD 0010718PDaPDbPDcCTd2011-01-19iLF1l0oxxx M425fp24107-10r2020-06-25w2020-06-25yLFPDZNo se presta 0010718PDaPDbPDcCTd2011-01-19iLF1l0oxxx M425fp24107-20r2020-06-25te. 2w2020-06-25yLFPDZNo se presta 00107-18PDaPDbPDcOId2011-01-19iLF1l0oxxx M425fp24108-10r2020-06-25w2020-06-25yLFPDZNo se presta c23602d23602